Vật lý chất rắn : Cấu trúc và các tính chất của vật rắn

Những kiến thức cơ bản về vật lí chất rắn như: cấu trúc tinh thể, dao động của mạng tinh thể, cấu trúc vùng năng lượng của điện tử trong vật rắn, các tính chất nhiệt, tính chất điện, tính chất từ,... của vật rắn...

Description complète

Enregistré dans:
Détails bibliographiques
Auteur principal: Nguyễn, Ngọc Long
Format: Livre
Langue:Undetermined
Publié: Hà Nội Nxb. Đại học Quốc gia Hà Nội 2007
Sujets:
Tags: Ajouter un tag
Pas de tags, Soyez le premier à ajouter un tag!
Thư viện lưu trữ: Trung tâm Học liệu Trường Đại học Cần Thơ
LEADER 00976nam a2200193Ia 4500
001 CTU_159456
008 210402s9999 xx 000 0 und d
082 |a 530.41 
082 |b L431 
100 |a Nguyễn, Ngọc Long 
245 0 |a Vật lý chất rắn : 
245 0 |b Cấu trúc và các tính chất của vật rắn 
245 0 |c Nguyễn Ngọc Long 
260 |a Hà Nội 
260 |b Nxb. Đại học Quốc gia Hà Nội 
260 |c 2007 
520 |a Những kiến thức cơ bản về vật lí chất rắn như: cấu trúc tinh thể, dao động của mạng tinh thể, cấu trúc vùng năng lượng của điện tử trong vật rắn, các tính chất nhiệt, tính chất điện, tính chất từ,... của vật rắn 
650 |a Vật lý chất rắn,Soild state phyics 
980 |a Trung tâm Học liệu Trường Đại học Cần Thơ